Damso - Chansons de l'album QALF - Statistiques

Statistiques générales
  • Ce quiz a été pris 55 fois
  • Le résultat moyen est 13 sur 26
Statistiques - réponses
Hint Réponse % Correct
QALF infinity 19 Σ. MOROSE
84%
QALF 3 DEUX TOILES DE MER
71%
QALF infinity 17 Π. VANTABLACK
69%
QALF 11 911
63%
QALF 15 INTRO
57%
QALF 6 BXL ZOO (featuring Hamza)
55%
QALF infinity 20 T. CHIALER (featuring YG Pablo)
55%
QALF infinity 22 Φ. THEVIE RADIO
53%
QALF 5 THEVIE RADIO (Interlude)
53%
QALF infinity 21 Y. 2 DIAMANTS
51%
QALF infinity 26 YOUVOI
51%
QALF 7 CŒUR EN MIETTES (featuring Lous and the Yakuza)
49%
QALF infinity 16 O. OG
49%
QALF infinity 24 Ψ. PASSION
47%
QALF infinity 23 X. ZWAAR
47%
QALF 9 BPM
43%
QALF infinity 18 Ρ. DOSE
43%
QALF 2 LIFE LIFE
43%
QALF 4 SENTIMENTAL
43%
QALF infinity 25 Ω. VIVRE UN PEU
43%
QALF 12 FAIS ÇA BIEN (featuring Fally Ipupa)
41%
QALF 1 MEVTR
39%
QALF 13 ROSE MARTHE'S LOVE
37%
QALF 10 D'JA ROULÉ
33%
QALF 8 POUR L'ARGENT
33%
QALF 14 8HORIZONTAL
8%
Aucun quiz correspondant
Distribution des résultats
% des personnes avec chaque résultat
Percentile par nombre de réponses
Votre historique - résultats
Vous n’avez pas pris ce quiz